000 00357nam a2200133Ia 4500
008 150202s9999 xx 000 0 und d
020 _a373241933
050 _aFIC
_bFIC
100 _aPaige, Laurie.
245 _awarrior's woman /
_cLaurie Paige.
260 _aNew York :
_bSilhouette Books,
_c1998.
300 _a250 pages :
_c18 cm.
650 _aFiction.
999 _c282458
_d282458